| 000 | 00646nam a2200157 a 4500 | ||
|---|---|---|---|
| 001 | 000036303 | ||
| 005 | 20200930075646.0 | ||
| 008 | 120112s1986 cl a 000 0 spa d | ||
| 020 | _a9213212097 | ||
| 040 |
_aDO-SdBNP _bspa _cBNPHU |
||
| 245 | 0 | 0 |
_aExpansión del cultivo de la caña de azucar y de la ganadería en el nordeste del Brasil : _bpolíticas públicas y sus derivaciones económicas y sociales. |
| 260 |
_aSantiago de Chile : _bComisión económica para América Latina y el Caribe, _c1986. |
||
| 300 |
_a170 p. : _bil. ; _c22 cm. |
||
| 490 | 1 |
_aEstudios e informes de la CEPAL _v59 |
|
| 830 | 0 |
_aEstudios e informes de la CEPAL _n59 _962445 |
|
| 999 |
_c35794 _d35794 |
||